000 01601nam0a2200325 4500
001 RU\NLR\bibl\1470457
005 20241119234304.0
020 _aRU
_b90-21233
_9Летопись авторефератов диссертаций
021 _aRU
_b2009-17272а
_9691а
035 _a(NLR Aleph) 001462154
090 _a1590189
_c1590189
100 _a20091110d2009 u u0rusy50 ca
101 0 _arus
102 _aRU
105 _aa dm |||||
200 1 _aГигиеническая оценка фактического питания и состояния здоровья школьников и их нутриционная коррекция
_e(на примере Василеостровского района Санкт-Петербурга)
_eавтореф. дис. на соиск. учен. степ. канд. мед. наук
_eспециальность 14.00.07 <Гигиена>
_fМощев Антон Николаевич
_g[С.-Петерб. гос. мед. акад. им. И. И. Мечникова]
210 _aСанкт-Петербург
_d2009
215 _a24 с.
_cил.
_d21
320 _aБиблиогр.: с.24 (10 назв.)
610 0 _aВасилеостровский р-н, Санкт-Петербург, мед. науки
675 _a613.2
_v3
_zrus
686 _a76.33
_2rugasnti
686 _a51.23
_2rubbk
686 _a14.00.07
_2oksvnk
700 1 _aМощев
_bА. Н.
_gАнтон Николаевич
_4070
801 0 _aRU
_bRKP
_c20091110
_gPSBO
801 1 _aRU
_bRKP
_c20091110
801 2 _aRU
_bNLR
_c20100209
_grcr
942 _cBOOK